000 00761nam a2200241 i 4500
001 16176
003 ES-MaACL
005 20250912063034.0
007 t|
008 000706s1999 mx b |||| | spa d
020 _a968-16-5857-4
080 _a972.93"19"
100 1 _aMoya Pons, Frank.
_983976
245 1 0 _aBreve historia contemporánea de la República Dominicana /
_cFrank Moya Pons.
250 _a1ª ed.
260 _aMéxico :
_bFondo de Cultura Económica,
_c1999.
300 _a270 p., [1] h. pleg. de mapa ;
_c17 cm.
490 1 _aColección popular (Fondo de Cultura Económica) ;
_v567
_9241328
651 4 _aRepública Dominicana-
_xHistoria.
_9145108
852 _aES-MaACL
_jL-23359
942 _2udc
999 _c16176
_d16176